Normal view
MARC view
- Analytical Chemistry by Open Learning (Series)
Entry Uniform Title
001 - CONTROL NUMBER
- control field: 883
003 - CONTROL NUMBER IDENTIFIER
- control field: NUST
005 - DATE AND TIME OF LATEST TRANSACTION
- control field: 20170516123327.0
008 - FIXED-LENGTH DATA ELEMENTS
- fixed length control field: 170516|| aca||aabn | a|a d
040 ## - CATALOGING SOURCE
- Original cataloging agency: NUST
- Transcribing agency: NUST
130 ## - HEADING--UNIFORM TITLE
- Uniform title: Analytical Chemistry by Open Learning (Series)
670 ## - SOURCE DATA FOUND
- Source citation: Work cat.: (NUST)0: Dean, John R. 877, Atomic absorption and plasma spectroscopy /, c1997.
